Uglies : σε έναν κόσμο απόλυτης ομορφιάς οι κανονικοί άνθρωποι θεωρούνται άσχημοι
Saved in:
| Main Author: | |
|---|---|
| Other Authors: | |
| Format: | Book |
| Language: | Greek English |
| Published: |
Αθήνα :
Μεταίχμιο,
2009.
|
| Subjects: | |
| Tags: |
Add Tag
No Tags, Be the first to tag this record!
|
MARC
| LEADER | 00000cam a2200000 a 4500 | ||
|---|---|---|---|
| 001 | 1/119969 | ||
| 008 | 190919r2009####gr | ||| |||| ||gre|| | ||
| 020 | |a 9789604556748 |q (23) | ||
| 040 | |a GR-MyUa |b gre |c GR-MyUa |e AACR2 | ||
| 041 | 1 | |a gre |h eng | |
| 082 | 7 | |a 813 |2 (23) | |
| 100 | 1 | |a Westerfeld, Scott. | |
| 245 | 1 | 0 | |a Uglies : |b σε έναν κόσμο απόλυτης ομορφιάς οι κανονικοί άνθρωποι θεωρούνται άσχημοι / |c Σκοτ Γουέστερφελντ ; μετάφραση Καίτη Οικονόμου. |
| 260 | |a Αθήνα : |b Μεταίχμιο, |c 2009. | ||
| 300 | |a 462 σ. ; |c 21 εκ. | ||
| 534 | |p Μετάφραση του : |t Uglies | ||
| 650 | 0 | |a American fiction | |
| 650 | 0 | |a Beauty, Personal |x Fiction. | |
| 650 | 0 | |a Teenage girls |x Fiction | |
| 650 | 0 | |a Friendship |x Fiction. | |
| 700 | 1 | |a Οικονόμου, Καίτη, |e trlf | |
| 852 | |a INST |b SAMOS |e 20190919 |h 813 WES |p 005300046117 |q 005300046117 |t BK |y 0 | ||
| 920 | |a Τραγάκη |b Ζαφειρούλα |y Σάμος |z 2019-04 | ||
| 970 | |a Γουβάλα |b Βάσω |z 19-09-2019 | ||